Diari Anak Laut

Bibliographic Details
Main Author: Hasrul Syah Hassan
Format: Book
Published: Selangor : Penerbit Prisma Sdn.Bhd. , 2005
Series:Warna-Warna Hidup
Subjects:

MARC

LEADER 00000cam a2200000 7i4500
001 0000068690
005 20091201.0
008 091201 bm
020 |a 9838772666 
090 0 0 |a J 899.2333 HSH 
100 1 |a Hasrul Syah Hassan 
245 1 0 |a Diari Anak Laut   |c Hasrul Shah Hassan 
260 |a Selangor :   |b Penerbit Prisma Sdn.Bhd. ,   |c 2005 
300 |a 132p. ;   |c 22cm. 
440 0 |a Warna-Warna Hidup 
650 0 0 |a Malay Fiction 
999 |a 0000069981   |b Buku   |c Koleksi Pinjaman Kanak-Kanak   |e Perbadanan Perpustakaan Awam Melaka 
999 |a 0000072375   |b Buku   |c Koleksi Pinjaman Kanak-Kanak   |e PK Aeon Jaya Jusco 
999 |a 0000072376   |b Buku   |c Koleksi Pinjaman Kanak-Kanak   |e Perbadanan Perpustakaan Awam Melaka 
999 |a 0000072377   |b Buku   |c Koleksi Pinjaman Kanak-Kanak   |e Perbadanan Perpustakaan Awam Melaka 
999 |a 0000072378   |b Buku   |c Koleksi Pinjaman Kanak-Kanak   |e Perbadanan Perpustakaan Awam Melaka 
999 |a 0000072379   |b Buku   |c Koleksi Pinjaman Kanak-Kanak   |e Perpustakaan Cawangan Jasin 
999 |a 0000072380   |b Buku   |c Koleksi Pinjaman Kanak-Kanak   |e Perpustakaan Cawangan Masjid Tanah 
999 |a 0000072381   |b Buku   |c Koleksi Pinjaman Kanak-Kanak   |e Perpustakaan Cawangan Merlimau 
999 |a 0000072382   |b Buku   |c Koleksi Pinjaman Kanak-Kanak   |e Perbadanan Perpustakaan Awam Melaka 
999 |a 0000072383   |b Buku   |c Koleksi Pinjaman Kanak-Kanak   |e Perbadanan Perpustakaan Awam Melaka